Is war necessary for economic growth? military procurement and technology development
Gespeichert in:
| 1. Verfasser: | |
|---|---|
| Format: | Buch |
| Sprache: | Englisch |
| Veröffentlicht: |
Oxford
Oxford University Press
2006
|
| Schlagworte: | |
| Tags: |
Keine Tags, Fügen Sie das erste Tag hinzu!
|
MARC
| LEADER | 00000nam$a2200000$$$4500 | ||
|---|---|---|---|
| 001 | 0050418 | ||
| 005 | 20240312115800.7 | ||
| 020 | |a 0-19-518804-7 | ||
| 020 | |a 978-0-19-518804-2 | ||
| 041 | 0 | |a eng | |
| 044 | |a GB | ||
| 245 | 1 | 0 | |a Is war necessary for economic growth? |b military procurement and technology development |c Vernon W. Ruttan |
| 264 | 1 | |a Oxford |b Oxford University Press |c 2006 | |
| 300 | |a xi, 219 s. | ||
| 610 | 2 | 0 | |a technológia |
| 610 | 2 | 0 | |a inovácia |
| 610 | 2 | 0 | |a priemysel zbrojársky |
| 610 | 2 | 0 | |a vojny |
| 610 | 2 | 0 | |a hospodárstvo povojnové |
| 610 | 2 | 0 | |a USA |
| 610 | 2 | 0 | |a rozvoj hospodársky |
| 610 | 2 | 0 | |a zbrojenie |
| 610 | 2 | 0 | |a výskum vojenský |
| 100 | 1 | |a Ruttan, Vernon W. | |